000 01057cab a2200301 4500
001 ABS43619
008 090401t1990 xxu||||| |||| 00| 0 eng d
035 _a(Sirsi) u42590
041 _aeng
100 _aTyler, M.
245 _aRadon - a rising issue
260 _c1990
350 _a0
490 _aProperty Journal
_v15 (5) October 1990, 6-7(2)
520 _aConsiders some of the measures under consideration to deal with exposure to radiation risks from radon gas including revising Building Regulations , testing for radon levels in residential property and proposed development sites at the planning stage.
650 _aD AND F ESTATES LTD AND OTHERS V CHURCH COMMISSIONERS FOR ENGLAND AND OTHERS
650 _aLand use
_96251
650 _aLEGISLATION
650 _aLIABILITY
650 _aMONITORING
650 _aMURPHY V BRENTWOOD
650 _aNATIONAL RADIOLOGICAL PROTECTION BOARD
650 _aSAFETY
690 _aBUILT ENVIRONMENT-BUILDING PATHOLOGY
700 _aMulrea, K.
942 _n0
948 _c04/03/1997
999 _c27257
_d27257